00367nam a2200133 a 450000500170000000800410001702000150005805000210007310000220009424500430011626000400015930000220019965000120022120140310183507.0100918s19uu xx 00 eng d a0373098863 aPZ 7b.R577 1994 aRimmer, Christine aMan of the mountain.cChristine Rimmer aNew York :bSilhoutte Books,c1994. a251 p. :c17 cm.  aFiction